Sistemas de exclusión (Record no. 1473)

MARC details
000 -LEADER
campo de control de longitud fija 00471nam a2200133 4500
008 - DATOS DE LONGITUD FIJA--INFORMACIÓN GENERAL
campo de control de longitud fija 708 W673s
082 ## - NÚMERO DE LA CLASIFICACIÓN DECIMAL DEWEY
Número de clasificación 708
Número de ítem W673s
100 ## - ENTRADA PRINCIPAL--NOMBRE DE PERSONA
Nombre de persona Wildi Merino, Ingrid
9 (RLIN) 6345
245 ## - MENCIÓN DEL TÍTULO
Título Sistemas de exclusión
260 ## - PUBLICACIÓN, DISTRIBUCIÓN, ETC.
Lugar de publicación, distribución, etc. Chile
Nombre del editor, distribuidor, etc. Universidad Andrés Bello & Casa Uno
Fecha de publicación, distribución, etc. 2017
300 ## - DESCRIPCIÓN FÍSICA
Extensión 8 p.
Otras características físicas ill.
Dimensiones 32 x 23.5 cm
650 ## - PUNTO DE ACCESO ADICIONAL DE MATERIA--TÉRMINO DE MATERIA
Subdivisión general arte contemporáneo
-- arte exhibiciones
-- arte - exclusión social
-- arte - migración
-- arte - exilio
-- Chile
9 (RLIN) 6346
700 ## - ENTRADA AGREGADA--NOMBRE PERSONAL
Nombre de persona Varas, Paulina E. (curadora)
9 (RLIN) 6347
Holdings
Estatus retirado Estado de pérdida Fuente del sistema de clasificación o colocación Estado de daño No para préstamo Biblioteca de origen Biblioteca actual Ubicación en estantería Fecha de adquisición Total de préstamos Signatura topográfica completa Código de barras Visto por última vez Precio de reemplazo Tipo de ítem Koha
    Clasificación Decimal Dewey     Biblioteca LadoV Biblioteca LadoV   26/05/2018   708 W673s 004536 26/05/2018 26/05/2018 Material 01